01269nam a22002177a 4500003000900000005001700009008004100026040001300067110009000080245017700170260004600347300003900393500016400432500011100596650004600707651004200753856012100795942002300916999001300939952009900952BR-ViAPE20260508124814.0260508s1923 por gss|||f001 0 por d cBR-ViAPE aMinistério da Agricultura, Indústria e ComerciobDiretoria Geral de Estatística aRecenseamento do Brasil, realizado em 1 de setembro de 1920: brelação dos proprietários dos estabelecimentos rurais recenseados no Estado do Espírito Santo - Viana aRio de JaneirobTyp. da Estatisticac1923 a9 p.bDocumento digitalizado (PDF) aDocumento integrante do Recenseamento do Brasil de 1920, contendo levantamento estatístico e nominal de estabelecimentos rurais do município de Viana (ES). aDocumento digitalizado do acervo institucional do Arquivo Público do Estado do Espírito Santo - APEES. aPropriedade ruralxHistóriazViana (ES) aViana (ES)zEspírito Santo (Brasil) uhttps://ape.es.gov.br/Media/ape/PDF/Recenseamento/Recenseamento_1920_Viana.pdfyCLIQUE AQUI PARA ACESSAR O DOCUMENTO 2ddccOBRAS_RARAn1 c600d600 002ddc4070aBIB.APEESbBIB.APEESd2026-05-08l0r2026-05-08 11:58:33w2026-05-08yOBRAS_RARA